000 00917nam a2200241Ia 4500
003 GCL
008 140319s9999 xx 000 0 ara d
040 _aGCL /
_cGCL
082 0 4 _aق
_b218.3
_bز ت
100 1 _aزكريا سليمان بيومى
245 1 0 _aالتيارات السياسية والاجتماعية بين المجددين والمحافظين: دراسة تاريخية فى فكر الشيخ محمد عبده /
_cزكريا سليمان بيومى
260 _a[S.N] :
_bالهيئة المصرية العامة للكتاب ،
_c1983
300 _a137 ص
490 _aمصر النهضة
_v0
650 0 4 _aالعصر الحديث
650 0 4 _aمصر
650 0 4 _aتاريخ
650 0 4 _aالاسلام
650 0 4 _aالاحوال الاجتماعية
650 0 4 _aالاحوال السياسية
650 0 4 _aحركات الاصلاح والتجديد
942 _2ddc
_cBK
999 _c36293
_d36293